[Event "1st Turkish League 2017"]
[Site "Konya"]
[Date "2017.07.21"]
[Round "7"]
[White "Okus, Melih"]
[Black "Baylav, Can"]
[Result "0-1"]
[WhiteElo "2041"]
[BlackElo "2001"]
[Annotator "NA"]
[PlyCount "118"]
[EventType "team-tourn"]
[EventCountry "TUR"]
[SourceTitle "playchess.com"]
[Source "ChessBase"]
[SourceQuality "1"]
[TimeControl "5400+30"]

1. e4 {[%emt 0:00:30]} c5 {[%emt 0:01:00]} 2. c3 {[%emt 0:00:30]} d5 {[%emt 0:00:30]} 3. exd5 {[%emt 0:00:30]} Qxd5 {[%emt 0:00:30]} 4. d4 {[%emt 0:00:30]} Nf6 {[%emt 0:00:00]} 5. Nf3 {[%emt 0:00:00]} Bg4 {[%emt 0:00:00]} 6. Nbd2 {[%emt 0:00:00] LiveBook: 212 Games} e6 {[%emt 0:03:30]} 7. Bc4 {[%emt 0:04:30]} Qd7 {[%emt 0:14:30]} 8. Qb3 $11 {[%emt 0:00:30]} (8. h3 $5 {[%cal Rh3g4]} Bxf3 9. Nxf3 $14) 8... Bd6 {[%emt 0:01:30]} 9. Ne5 {[%emt 0:12:30]} Qc7 {[%emt 0:06:30]} 10. Nxg4 {[%emt 0:00:30]} Nxg4 {[%emt 0:00:00]} 11. Ne4 {[%emt 0:00:30]} O-O {[%emt 0:23:00]} 12. h3 {[%emt 0:06:30]} Nf6 {[%emt 0:01:30]} 13. Nxf6+ {[%emt 0:02:30]} gxf6 {[%emt 0:00:30]} 14. Bh6 {[%emt 0:01:30]} Re8 {[%emt 0:00:30]} 15. O-O {[%emt 0:15:30]} Kh8 {[%emt 0:04:30]} 16. d5 {[%emt 0:02:30]} e5 {[%emt 0:02:30]} 17. Qd1 {[%emt 0:00:30]} Nd7 {[%emt 0:05:30]} 18. Qh5 {[%emt 0:02:30]} Nb6 {[%emt 0:01:30]} 19. Qh4 {[%emt 0:01:30]} Be7 {[%emt 0:24:21]} 20. d6 {[%emt 0:08:30]} Qxd6 {[%emt 0:00:57]} 21. Bxf7 {[%emt 0:00:00]} Qc6 {[%emt 0:01:25]} 22. Bxe8 {[%emt 0:05:00]} Rxe8 {[%emt 0:00:30]} 23. f3 {[%emt 0:00:00]} Rg8 {[%emt 0:03:25]} 24. Qe4 {[%emt 0:00:00]} Qe6 {[%emt 0:00:13]} 25. Kh1 {[%emt 0:09:30]} f5 {[%emt 0:01:46]} 26. Qxb7 {[%emt 0:00:30]} f4 {[%emt 0:00:35]} 27. Bxf4 {[%emt 0:10:11]} exf4 {[%emt 0:00:49]} 28. Rae1 {[%emt 0:00:30]} Qg6 {[%emt 0:00:30]} 29. Rg1 {[%emt 0:00:30]} Bh4 {[%emt 0:00:30]} 30. Re4 {[%emt 0:01:38]} Bf2 {[%emt 0:00:18]} 31. Rxf4 {[%emt 0:01:05]} Bxg1 {[%emt 0:00:15]} 32. Rg4 {[%emt 0:00:03]} Qb1 {[%emt 0:00:01]} 33. Rxg8+ {[%emt 0:02:36]} Kxg8 {[%emt 0:00:30]} 34. Qb8+ {[%emt 0:00:00]} Kf7 {[%emt 0:00:29]} 35. Qxa7+ {[%emt 0:00:52]} Ke8 {[%emt 0:00:00]} 36. Qb8+ {[%emt 0:02:48]} Ke7 {[%emt 0:00:01]} 37. Qb7+ {[%emt 0:02:47]} Nd7 {[%emt 0:00:30]} 38. Qe4+ {[%emt 0:00:00]} Qxe4 {[%emt 0:00:00]} 39. fxe4 {[%emt 0:00:00]} Be3 {[%emt 0:00:00]} 40. g4 {[%emt 0:00:54]} Bc1 {[%emt 0:00:02]} 41. b3 {[%emt 0:00:40]} Nf6 {[%emt 0:00:17]} 42. e5 {[%emt 0:01:49]} Ne4 {[%emt 0:00:30]} 43. c4 {[%emt 0:00:30]} Ke6 {[%emt 0:00:00]} 44. Kg2 {[%emt 0:00:00]} Kxe5 {[%emt 0:00:18]} 45. Kf3 {[%emt 0:01:08]} h6 {[%emt 0:02:08]} 46. h4 {[%emt 0:01:12]} Nf6 {[%emt 0:00:34]} 47. g5 {[%emt 0:00:03]} hxg5 {[%emt 0:01:27]} 48. hxg5 {[%emt 0:00:30]} Ne8 {[%emt 0:00:00]} 49. Ke2 {[%emt 0:03:06]} Nc7 {[%emt 0:03:10]} 50. Kd3 {[%emt 0:01:29]} Na6 {[%emt 0:00:29]} 51. g6 {[%emt 0:02:12]} Nb4+ {[%emt 0:00:15]} 52. Kc3 {[%emt 0:01:13]} Kf6 {[%emt 0:00:09]} 53. a4 {[%emt 0:01:16]} Kxg6 {[%emt 0:00:30]} 54. a5 {[%emt 0:00:00]} Be3 {[%emt 0:00:00]} 55. Kb2 {[%emt 0:00:05]} Kf5 {[%emt 0:00:49]} 56. Ka3 {[%emt 0:00:30]} Ke4 {[%emt 0:00:37]} 57. Ka4 {[%emt 0:00:22]} Kd3 {[%emt 0:00:10]} 58. Kb5 {[%emt 0:01:13]} Kc3 {[%emt 0:00:30]} 59. a6 {[%emt 0:00:02]} Nxa6 {[%emt 0:00:00]} 0-1

[Event "1st Turkish League 2017"]
[Site "Konya"]
[Date "2017.07.21"]
[Round "7"]
[White "Karacan, Can Berk"]
[Black "Dedebas, Emre Emin"]
[Result "1/2-1/2"]
[WhiteElo "2009"]
[BlackElo "2322"]
[Annotator "NA"]
[PlyCount "64"]
[EventType "team-tourn"]
[EventCountry "TUR"]
[SourceTitle "playchess.com"]
[Source "ChessBase"]
[SourceQuality "1"]
[TimeControl "5400+30"]

1. e4 {[%emt 0:00:30]} e5 {[%emt 0:01:00]} 2. Nf3 {[%emt 0:00:00]} Nc6 {[%emt 0:00:30]} 3. Bb5 {[%emt 0:00:00]} a6 {[%emt 0:00:30]} 4. Ba4 {[%emt 0:00:30]} Nf6 {[%emt 0:00:30]} 5. d3 {[%emt 0:00:00]} d6 {[%emt 0:00:00]} 6. O-O {[%emt 0:00:00]} b5 {[%emt 0:03:00] LiveBook: 44 Games} 7. Bb3 {[%emt 0:00:00]} Na5 {[%emt 0:00:00]} 8. Nbd2 {[%emt 0:09:00]} Nxb3 {[%emt 0:02:00]} 9. axb3 {[%emt 0:02:30]} c5 {[%emt 0:02:30]} 10. Re1 {[%emt 0:00:30]} Be7 {[%emt 0:03:30]} 11. Nf1 $11 {[%emt 0:00:00]} O-O {[%emt 0:01:30]} 12. c3 {[%emt 0:02:00]} Re8 {[%emt 0:03:30]} 13. Ng3 {[%emt 0:02:30]} h6 {[%emt 0:03:30]} 14. d4 {[%emt 0:03:30]} Qc7 {[%emt 0:21:30]} 15. d5 {[%emt 0:03:30]} Bf8 {[%emt 0:05:30]} 16. h3 {[%emt 0:00:30]} g6 {[%emt 0:07:30]} 17. Be3 {[%emt 0:02:30]} Bg7 {[%emt 0:05:30]} 18. Nh2 {[%emt 0:04:30]} h5 {[%emt 0:00:30]} 19. Nf3 {[%emt 0:05:30]} Nh7 {[%emt 0:00:30]} 20. Qd2 {[%emt 0:20:30]} Qe7 {[%emt 0:09:30]} 21. Ng5 {[%emt 0:13:30]} h4 {[%emt 0:14:36]} 22. Nf1 {[%emt 0:09:30]} Nf6 {[%emt 0:00:09]} 23. Rad1 {[%emt 0:11:59]} Bh6 {[%emt 0:04:52]} 24. Nh2 {[%emt 0:06:13]} Nh5 {[%emt 0:04:05]} 25. Ng4 {[%emt 0:00:20]} Bxg4 {[%emt 0:06:25]} 26. hxg4 {[%emt 0:00:02]} Nf6 {[%emt 0:00:40]} 27. f3 {[%emt 0:00:11]} Qd7 {[%emt 0:00:29]} 28. Nh3 {[%emt 0:00:15]} Bxe3+ {[%emt 0:00:27]} 29. Qxe3 {[%emt 0:00:30]} Nh7 {[%emt 0:00:30]} 30. Qh6 {[%emt 0:00:00]} Qe7 {[%emt 0:00:00]} 31. g5 {[%emt 0:00:00]} a5 {[%emt 0:00:19]} 32. Qxh4 {[%emt 0:00:48]} a4 {[%emt 0:00:22]} 1/2-1/2

[Event "1st Turkish League 2017"]
[Site "Konya"]
[Date "2017.07.21"]
[Round "7"]
[White "Zeydan, Salih"]
[Black "Yelligedik, Murat"]
[Result "1-0"]
[WhiteElo "2001"]
[BlackElo "2014"]
[Annotator "NA"]
[PlyCount "101"]
[EventType "team-tourn"]
[EventCountry "TUR"]
[SourceTitle "playchess.com"]
[Source "ChessBase"]
[SourceQuality "1"]
[TimeControl "5400+30"]

1. e4 {[%emt 0:00:30]} g6 {[%emt 0:01:00]} 2. d4 {[%emt 0:00:30]} Bg7 {[%emt 0:00:30]} 3. Nc3 {[%emt 0:00:30]} d6 {[%emt 0:00:30]} 4. Be3 {[%emt 0:00:30]} a6 {[%emt 0:00:00]} 5. a4 {[%emt 0:00:00]} b6 {[%emt 0:01:00]} 6. h3 $11 {[%emt 0:00:00] LiveBook: 11 Games} Bb7 {[%emt 0:01:30]} 7. Nf3 {[%emt 0:00:30]} e6 {[%emt 0:00:30]} 8. Qd2 {[%emt 0:02:30]} h6 {[%emt 0:00:30]} 9. Rd1 {[%emt 0:03:30]} Nd7 {[%emt 0:00:30]} 10. Bd3 {[%emt 0:04:30]} Ne7 {[%emt 0:00:30]} 11. Ne2 {[%emt 0:00:30]} Qb8 {[%emt 0:08:30]} 12. c3 {[%emt 0:02:30]} Qa7 {[%emt 0:02:30]} 13. O-O {[%emt 0:04:30]} Rc8 {[%emt 0:00:30]} 14. Ng3 {[%emt 0:03:30]} Qa8 {[%emt 0:00:30]} 15. Rfe1 {[%emt 0:01:30]} Kf8 {[%emt 0:07:30]} 16. Bb1 {[%emt 0:15:30]} Kg8 {[%emt 0:03:30]} 17. h4 {[%emt 0:03:30]} Nf6 {[%emt 0:08:30]} 18. h5 {[%emt 0:12:30]} Nxe4 {[%emt 0:12:30]} 19. Nxe4 {[%emt 0:01:30]} Bxe4 {[%emt 0:04:30]} 20. Bxe4 {[%emt 0:00:30]} Qxe4 {[%emt 0:00:30]} 21. Bg5 {[%emt 0:01:30]} Qf5 {[%emt 0:11:30]} 22. Bxe7 {[%emt 0:01:30]} g5 {[%emt 0:02:30]} 23. d5 {[%emt 0:07:30]} e5 {[%emt 0:01:30]} 24. Qe2 {[%emt 0:03:30]} Re8 {[%emt 0:07:30]} 25. Bxd6 {[%emt 0:01:30]} cxd6 {[%emt 0:00:30]} 26. Qxa6 {[%emt 0:00:00]} g4 {[%emt 0:01:30]} 27. Nd2 {[%emt 0:04:00]} Qxh5 {[%emt 0:00:00]} 28. Ne4 {[%emt 0:00:30]} Qg6 {[%emt 0:02:00]} 29. Qxb6 {[%emt 0:01:30]} Bf8 {[%emt 0:00:30]} 30. Qc6 {[%emt 0:00:30]} Rb8 {[%emt 0:01:30]} 31. b4 {[%emt 0:02:30]} h5 {[%emt 0:13:01]} 32. Qd7 {[%emt 0:01:30]} h4 {[%emt 0:00:30]} 33. Qxg4 {[%emt 0:00:30]} Qxg4 {[%emt 0:00:30]} 34. Nf6+ {[%emt 0:00:30]} Kg7 {[%emt 0:00:30]} 35. Nxg4 {[%emt 0:00:30]} Rc8 {[%emt 0:03:42]} 36. Rc1 {[%emt 0:00:30]} f5 {[%emt 0:01:25]} 37. Nh2 {[%emt 0:04:14]} Kf6 {[%emt 0:00:38]} 38. Rc2 {[%emt 0:01:02]} Rc4 {[%emt 0:01:50]} 39. a5 {[%emt 0:01:27]} Be7 {[%emt 0:00:33]} 40. Ra1 {[%emt 0:01:47]} Rb8 {[%emt 0:01:55]} 41. a6 {[%emt 0:04:27]} Bd8 {[%emt 0:01:13]} 42. a7 {[%emt 0:00:37]} Ra8 {[%emt 0:00:30]} 43. Ra6 {[%emt 0:00:00]} Ke7 {[%emt 0:00:00]} 44. Nf3 {[%emt 0:01:40]} Kd7 {[%emt 0:00:21]} 45. b5 {[%emt 0:01:20]} Rc7 {[%emt 0:01:19]} 46. b6 {[%emt 0:01:50]} Rb7 {[%emt 0:00:30]} 47. Rb2 {[%emt 0:00:09]} Kc8 {[%emt 0:00:00]} 48. Nd2 {[%emt 0:01:08]} Rd7 {[%emt 0:00:59]} 49. Nc4 {[%emt 0:00:42]} Kb7 {[%emt 0:00:25]} 50. Ra3 {[%emt 0:00:45]} Rc8 {[%emt 0:00:36]} 51. Na5+ {[%emt 0:00:43]} 1-0

[Event "1st Turkish League 2017"]
[Site "Konya"]
[Date "2017.07.21"]
[Round "7"]
[White "Gokbulut, Julia"]
[Black "Temel, Burcu Melis"]
[Result "1-0"]
[WhiteElo "1997"]
[BlackElo "1846"]
[Annotator "NA"]
[PlyCount "73"]
[EventType "team-tourn"]
[EventCountry "TUR"]
[SourceTitle "playchess.com"]
[Source "ChessBase"]
[SourceQuality "1"]
[TimeControl "5400+30"]

1. d4 {[%emt 0:00:30]} Nf6 {[%emt 0:01:00]} 2. c4 {[%emt 0:00:00]} e6 {[%emt 0:00:30]} 3. Nc3 {[%emt 0:00:00]} Bb4 {[%emt 0:00:30]} 4. e3 {[%emt 0:00:00]} d5 {[%emt 0:00:00]} 5. Qa4+ {[%emt 0:01:00]} Nc6 {[%emt 0:00:00]} 6. Nf3 {[%emt 0:00:30]} O-O {[%emt 0:00:30]} 7. Bd2 {[%emt 0:01:30]} Bd7 {[%emt 0:18:30]} 8. Qc2 $11 {[%emt 0:00:30] LiveBook: 36 Games} Re8 {[%emt 0:04:30]} 9. a3 {[%emt 0:03:30]} Bf8 {[%emt 0:04:30]} 10. Bd3 {[%emt 0:02:30]} dxc4 {[%emt 0:01:30]} 11. Bxc4 {[%emt 0:00:30]} Na5 {[%emt 0:02:30]} 12. Bd3 {[%emt 0:06:30]} c5 {[%emt 0:07:30]} 13. dxc5 {[%emt 0:01:30]} b6 {[%emt 0:15:30]} 14. b4 {[%emt 0:03:30]} Nb7 {[%emt 0:03:30]} 15. cxb6 {[%emt 0:01:30]} Qxb6 {[%emt 0:04:30]} 16. Ne5 {[%emt 0:02:30]} Red8 {[%emt 0:03:30]} 17. Ne4 {[%emt 0:05:30]} Nxe4 {[%emt 0:01:30]} 18. Bxe4 {[%emt 0:01:30]} f5 {[%emt 0:00:30]} 19. Nxd7 {[%emt 0:01:30]} Rxd7 {[%emt 0:00:00]} 20. Bf3 {[%emt 0:10:30]} Rad8 {[%emt 0:01:00]} 21. Rd1 {[%emt 0:11:30]} Nd6 {[%emt 0:22:16]} 22. O-O {[%emt 0:04:30]} Rc7 {[%emt 0:02:17]} 23. Qa2 {[%emt 0:04:30]} Nc4 {[%emt 0:01:21]} 24. Bc1 {[%emt 0:01:30]} Rdc8 {[%emt 0:01:05]} 25. Bb2 {[%emt 0:07:30]} a5 {[%emt 0:02:12]} 26. Bd4 {[%emt 0:00:30]} Qa6 {[%emt 0:00:22]} 27. Qb3 {[%emt 0:03:30]} Qb5 {[%emt 0:01:58]} 28. e4 {[%emt 0:07:14]} fxe4 {[%emt 0:00:30]} 29. Bxe4 {[%emt 0:00:30]} axb4 {[%emt 0:00:30]} 30. axb4 {[%emt 0:00:30]} Qxb4 {[%emt 0:00:08]} 31. Qh3 {[%emt 0:01:11]} Nd6 {[%emt 0:01:19]} 32. Qxh7+ {[%emt 0:01:18]} Kf7 {[%emt 0:00:00]} 33. Bg6+ {[%emt 0:00:42]} Ke7 {[%emt 0:00:01]} 34. Bxg7 {[%emt 0:01:23]} Bxg7 {[%emt 0:00:30]} 35. Qxg7+ {[%emt 0:00:30]} Kd8 {[%emt 0:00:00]} 36. Qe5 {[%emt 0:00:40]} Kd7 {[%emt 0:01:23]} 37. Bf7 {[%emt 0:01:00]} 1-0

[Event "1st Turkish League 2017"]
[Site "Konya"]
[Date "2017.07.21"]
[Round "7"]
[White "Kara, Yanki"]
[Black "Erdogan, Anil Berk"]
[Result "1/2-1/2"]
[WhiteElo "1962"]
[BlackElo "2088"]
[Annotator "NA"]
[PlyCount "66"]
[EventType "team-tourn"]
[EventCountry "TUR"]
[SourceTitle "playchess.com"]
[Source "ChessBase"]
[SourceQuality "1"]
[TimeControl "5400+30"]

1. Nf3 {[%emt 0:00:30]} Nf6 {[%emt 0:01:00]} 2. g3 {[%emt 0:00:00]} d5 {[%emt 0:00:30]} 3. Bg2 {[%emt 0:00:00]} c6 {[%emt 0:00:30]} 4. c4 {[%emt 0:00:00]} g6 $14 {[%emt 0:02:30]} 5. b3 {[%emt 0:03:00]} Bg7 {[%emt 0:07:30]} 6. O-O {[%emt 0:19:30]} Ne4 {[%emt 0:03:30]} 7. d4 {[%emt 0:00:30]} O-O {[%emt 0:02:30]} 8. Bb2 {[%emt 0:03:30]} Qb6 {[%emt 0:05:30]} 9. Nc3 {[%emt 0:06:30]} Bf5 {[%emt 0:09:30]} 10. Qc1 {[%emt 0:14:30]} Nd7 {[%emt 0:06:30]} 11. Rd1 {[%emt 0:08:30]} Rac8 {[%emt 0:06:30]} 12. e3 {[%emt 0:04:30]} Rfd8 {[%emt 0:06:30]} 13. Nh4 {[%emt 0:02:30]} Nxc3 {[%emt 0:02:30]} 14. Bxc3 {[%emt 0:01:30]} Bg4 {[%emt 0:07:30]} 15. Re1 {[%emt 0:06:30]} e5 {[%emt 0:01:30]} 16. Qd2 {[%emt 0:00:30]} exd4 {[%emt 0:02:30]} 17. exd4 {[%emt 0:00:30]} dxc4 {[%emt 0:03:30]} 18. bxc4 {[%emt 0:01:30]} Nf8 {[%emt 0:04:30]} 19. Rab1 {[%emt 0:03:30]} Qc7 {[%emt 0:04:30]} 20. Qb2 {[%emt 0:10:23]} b6 {[%emt 0:06:19]} 21. Nf3 {[%emt 0:00:48]} Be6 {[%emt 0:05:52]} 22. Bf1 {[%emt 0:01:16]} b5 {[%emt 0:01:12]} 23. Qd2 {[%emt 0:03:01]} Rd7 {[%emt 0:06:22]} 24. Ba5 {[%emt 0:01:52]} Qd6 {[%emt 0:00:44]} 25. Bb4 {[%emt 0:00:36]} Qc7 {[%emt 0:02:20]} 26. Ba5 {[%emt 0:00:32]} Qd6 {[%emt 0:00:17]} 27. Bb4 {[%emt 0:01:08]} Qb8 {[%emt 0:00:43]} 28. Bc5 {[%emt 0:00:14]} a6 {[%emt 0:00:19]} 29. a4 {[%emt 0:00:19]} Qa8 {[%emt 0:00:44]} 30. Qc3 {[%emt 0:03:17]} bxc4 {[%emt 0:01:24]} 31. Bxc4 {[%emt 0:00:20]} Rb8 {[%emt 0:00:08]} 32. Rxb8 {[%emt 0:00:56]} Qxb8 {[%emt 0:00:03]} 33. Bxa6 {[%emt 0:00:09]} Qa8 {[%emt 0:00:52]} 1/2-1/2

[Event "1st Turkish League 2017"]
[Site "Konya"]
[Date "2017.07.21"]
[Round "7"]
[White "Gulbeyaz, Emir"]
[Black "Isik, Alparslan"]
[Result "0-1"]
[WhiteElo "1952"]
[BlackElo "2211"]
[Annotator "NA"]
[PlyCount "48"]
[EventType "team-tourn"]
[EventCountry "TUR"]
[SourceTitle "playchess.com"]
[Source "ChessBase"]
[SourceQuality "1"]
[TimeControl "5400+30"]

1. d4 {[%emt 0:00:30]} Nf6 {[%emt 0:01:00]} 2. Bg5 {[%emt 0:00:30]} d5 {[%emt 0:00:30]} 3. Bxf6 {[%emt 0:01:30]} gxf6 {[%emt 0:00:30]} 4. e3 {[%emt 0:00:30]} c5 {[%emt 0:06:30]} 5. c3 {[%emt 0:10:30]} e6 {[%emt 0:05:30]} 6. Nd2 {[%emt 0:00:30]} Nc6 {[%emt 0:02:30] LiveBook: 4 Games} 7. Bd3 {[%emt 0:00:30]} Bd7 {[%emt 0:03:30]} 8. Qh5 {[%emt 0:06:30]} Bd6 {[%emt 0:03:30]} 9. dxc5 {[%emt 0:09:30]} Bxc5 {[%emt 0:00:30]} 10. e4 $17 {[%emt 0:01:30]} (10. Nb3 $11 Bd6 11. Nf3) 10... Ne5 {[%emt 0:02:30]} 11. Be2 {[%emt 0:04:30]} Bc6 {[%emt 0:10:30]} 12. O-O-O {[%emt 0:01:30]} Qb6 {[%emt 0:06:30]} 13. Qh4 {[%emt 0:08:30]} Be7 {[%emt 0:04:30]} 14. exd5 {[%emt 0:04:30]} Bxd5 {[%emt 0:01:30]} 15. Ngf3 {[%emt 0:02:30]} Ng6 {[%emt 0:06:30]} 16. Qa4+ {[%emt 0:05:30]} Bc6 {[%emt 0:00:30]} 17. Qc4 {[%emt 0:08:30]} O-O-O {[%emt 0:02:30]} 18. Nb3 {[%emt 0:05:30]} Kb8 {[%emt 0:03:30]} 19. Nbd4 {[%emt 0:01:30]} Bd5 {[%emt 0:01:30]} 20. Qb5 {[%emt 0:03:30]} Qc7 {[%emt 0:08:30]} 21. Kb1 {[%emt 0:02:30]} Nf4 {[%emt 0:01:30]} 22. Rhg1 {[%emt 0:05:38]} e5 {[%emt 0:01:30]} 23. Nc2 {[%emt 0:08:18]} a6 {[%emt 0:00:30]} 24. Qa4 {[%emt 0:00:45]} Nxe2 {[%emt 0:00:30]} 0-1

[Event "1st Turkish League 2017"]
[Site "Konya"]
[Date "2017.07.21"]
[Round "7"]
[White "Demirtas, Hafize"]
[Black "Yorgun, Yaren Naz"]
[Result "1/2-1/2"]
[WhiteElo "1676"]
[BlackElo "1733"]
[Annotator "NA"]
[PlyCount "94"]
[EventType "team-tourn"]
[EventCountry "TUR"]
[SourceTitle "playchess.com"]
[Source "ChessBase"]
[SourceQuality "1"]
[TimeControl "5400+30"]

1. e4 d6 2. d4 Nf6 3. Nc3 Nbd7 4. g3 e5 5. Nge2 Be7 6. Bg2 c6 7. a4 b6 8. O-O Bb7 9. h3 Qc7 10. Be3 a6 11. Rb1 b5 12. axb5 cxb5 13. dxe5 dxe5 14. Nd5 Nxd5 15. exd5 Bd6 16. g4 Rc8 17. c3 O-O 18. Ng3 Rfd8 19. Nf5 Nb6 20. Bxb6 Qxb6 21. Qd2 Bf8 22. Rfd1 g6 23. Ng3 Rc7 24. Qe2 Rcd7 25. Qxe5 Bd6 26. Qd4 Qxd4 27. Rxd4 Bxg3 28. fxg3 Bxd5 29. Rbd1 Be6 30. Rxd7 Rxd7 31. Rxd7 Bxd7 32. b4 Bc8 33. Kf2 Kf8 34. Ke3 Ke7 35. Kd4 Kd6 36. g5 Bd7 37. h4 Be6 38. Bf3 Bd7 39. Bd5 Be6 40. Bf3 Bd7 41. Bd5 Be6 42. Be4 Bc8 43. Bd5 Be6 44. Bh1 Bc8 45. Bg2 Bd7 46. Bb7 Kc7 47. Bg2 a5 1/2-1/2

[Event "1st Turkish League 2017"]
[Site "Konya"]
[Date "2017.07.21"]
[Round "7"]
[White "Altinoz, Fevziye Ece"]
[Black "Nechaeva, Marina"]
[Result "0-1"]
[WhiteElo "1666"]
[BlackElo "2408"]
[Annotator "NA"]
[PlyCount "102"]
[EventType "team-tourn"]
[EventCountry "TUR"]
[SourceTitle "playchess.com"]
[Source "ChessBase"]
[SourceQuality "1"]
[TimeControl "5400+30"]

1. d4 {[%emt 0:00:30]} d5 {[%emt 0:01:00]} 2. Bf4 {[%emt 0:00:30]} Nf6 {[%emt 0:00:30]} 3. e3 {[%emt 0:00:00]} c5 {[%emt 0:00:00]} 4. c3 {[%emt 0:00:00]} Nc6 {[%emt 0:00:00]} 5. Nf3 {[%emt 0:00:30]} Qb6 {[%emt 0:00:00]} 6. Qb3 {[%emt 0:01:30]} c4 {[%emt 0:00:00]} 7. Qxb6 {[%emt 0:04:30]} axb6 {[%emt 0:00:00]} 8. Be2 {[%emt 0:04:30]} Bf5 {[%emt 0:00:00]} 9. Nbd2 {[%emt 0:01:30]} b5 {[%emt 0:00:30]} 10. O-O {[%emt 0:09:30] LiveBook: 5 Games} b4 {[%emt 0:03:30]} 11. cxb4 {[%emt 0:08:30]} (11. Nh4 $5 {[%cal Rh4f5]} Bg4 12. Bxg4 Nxg4 13. Nhf3 $11) 11... Nxb4 {[%emt 0:00:30]} 12. a3 {[%emt 0:00:30]} Nd3 {[%emt 0:00:00]} 13. Bxd3 {[%emt 0:12:30]} Bxd3 {[%emt 0:00:00]} 14. Rfc1 {[%emt 0:03:30]} e6 {[%emt 0:01:30]} 15. Ne5 {[%emt 0:02:30]} Bf5 $11 {[%emt 0:01:30]} 16. f3 {[%emt 0:09:30]} b5 {[%emt 0:11:30]} 17. g4 {[%emt 0:10:30]} Bg6 {[%emt 0:00:00]} 18. h4 {[%emt 0:03:30]} Nd7 {[%emt 0:01:00]} 19. Nxg6 {[%emt 0:04:30]} hxg6 {[%emt 0:00:30]} 20. Bg3 {[%emt 0:00:30]} Be7 {[%emt 0:00:00]} 21. g5 {[%emt 0:00:30]} f6 {[%emt 0:07:00]} 22. f4 {[%emt 0:01:30]} Kf7 {[%emt 0:00:30]} 23. Kg2 {[%emt 0:01:46]} Ra4 {[%emt 0:01:30]} 24. Rab1 {[%emt 0:04:59]} Rha8 {[%emt 0:01:30]} 25. Be1 {[%emt 0:03:24]} Nb8 {[%emt 0:04:30]} 26. Nf3 {[%emt 0:04:11]} Nc6 {[%emt 0:00:30]} 27. Kg3 {[%emt 0:00:45]} Bd6 {[%emt 0:01:30]} 28. Bc3 {[%emt 0:01:06]} Ne7 {[%emt 0:00:30]} 29. Ne1 {[%emt 0:01:35]} Nf5+ {[%emt 0:02:30]} 30. Kf2 {[%emt 0:03:17]} Nxh4 {[%emt 0:00:00]} 31. gxf6 {[%emt 0:00:38]} gxf6 {[%emt 0:00:00]} 32. Nc2 {[%emt 0:00:56]} Rh8 {[%emt 0:02:30]} 33. Rh1 {[%emt 0:01:47]} Raa8 {[%emt 0:00:00]} 34. Nb4 {[%emt 0:00:40]} Nf5 {[%emt 0:03:00]} 35. Rbg1 {[%emt 0:00:40]} Kg7 {[%emt 0:02:30]} 36. Bd2 {[%emt 0:00:36]} Bxb4 {[%emt 0:03:30]} 37. Bxb4 {[%emt 0:00:30]} Rxh1 {[%emt 0:00:30]} 38. Rxh1 {[%emt 0:00:00]} Rh8 {[%emt 0:00:00]} 39. Rxh8 {[%emt 0:01:02]} Kxh8 {[%emt 0:00:00]} 40. Be1 {[%emt 0:00:39]} Kg7 {[%emt 0:00:00]} 41. Kf3 {[%emt 0:00:33]} g5 {[%emt 0:00:00]} 42. fxg5 {[%emt 0:00:37]} fxg5 {[%emt 0:00:30]} 43. Bf2 {[%emt 0:00:00]} Nd6 {[%emt 0:00:30]} 44. Bg3 {[%emt 0:00:44]} Ne4 {[%emt 0:00:30]} 45. Be5+ {[%emt 0:00:36]} Kg6 {[%emt 0:00:00]} 46. Kg2 {[%emt 0:00:36]} Kf5 {[%emt 0:00:00]} 47. Kf3 {[%emt 0:00:17]} Nd2+ {[%emt 0:01:30]} 48. Kf2 {[%emt 0:00:26]} Ke4 {[%emt 0:00:30]} 49. Ke2 {[%emt 0:00:55]} Nb3 {[%emt 0:00:30]} 50. Bg3 {[%emt 0:00:25]} Nc1+ {[%emt 0:00:00]} 51. Kd2 {[%emt 0:00:34]} Nd3 {[%emt 0:00:00]} 0-1